Surnom des Equipes de Premier League - Statistiques

Statistiques générales
  • Ce quiz a été pris 262 fois
  • Le résultat moyen est 11 sur 20
Statistiques - réponses
Club Surnom % Correct
Chelsea Blues
94%
Arsenal Gunners
89%
Manchester United Red Devils
87%
Liverpool Reds
87%
Tottenham Spurs
80%
Wolverhampton Wolves
75%
West Ham Hammers
72%
Manchester City Citizens
68%
Leicester Foxes
57%
Brentford Bees
54%
Aston Villa Villans
53%
Newcastle Magpies
52%
Crystal Palace Eagles
46%
Bournemouth Cherries
40%
Brighton Seagulls
37%
Everton Toffees
36%
Fulham Cottagers
29%
Southampton Saints
24%
Nottingham Forest Forest
22%
Ipswich Tractor Boys
10%
Aucun quiz correspondant
Distribution des résultats
% des personnes avec chaque résultat
Percentile par nombre de réponses
Votre historique - résultats
Vous n’avez pas pris ce quiz